Daily Country Riddle #20 - Statistics

General Stats
  • This quiz has been taken 523 times
  • The average score is 9 of 13
Answer Stats
Type Answer % Correct
Found Letter A
98%
Found Letter N
97%
Found Letter U
79%
Correctly Placed Letter A
73%
Correctly Placed Letter N
72%
Found Letter T
71%
Found Letter B
70%
Correctly Placed Letter B
65%
Correctly Placed Letter U
62%
Mystery Country Bhutan
59%
Correctly Placed Letter H
59%
Found Letter H
59%
Correctly Placed Letter T
59%
No matching quizzes found
Score Distribution
Percent of People with Each Score
Percentile by Number Answered
Your Score History
You have not taken this quiz